000 00814nam a2200253 a 4500
001 62820
003 BD-RjUL
005 20211209081127.0
008 170126s1985 bg ||||| |||| 00| 0 ben d
020 _c: Tk. 15.00
035 _a(BD-RjUL)62948
040 _aBD-RjUL
_bben
_cBD-RjUL
041 _aben
082 _223
_a780
_bKHR 1985
100 _aখান, মোবারক হোসেন
_9174998
245 1 0 _aরাগসংগীত /
_cমোবারক হোসেন খান
260 _aঢাকা :
_bবাংলা একাডেমী,
_c১৯৯১
300 _a৯৩ পৃ. ;
_c১৯ সেমি.
490 _aবাএ ;
_v১৭৩৭
650 _aসংগীত
_9170458
650 _aMusic
_9171253
830 _aবাএ ;
_v১৭৩৭
_9186749
942 _2ddc
_cBK
999 _c62820
_d62820